000
00196 a2200097 4500
001
35143
100
_a
M E E
245
_a
Seyyah Seyyat
260
_a
Peshawar
_b
Alkitab
_c
090
_c
23287
_d
23287
942
_a
NUST-CAE
_c
M
_c
14766
999
_c
270216
_d
270216